Statistics for Countries with Directions in Their Names - 15 Second Sprint

Click here to take the quiz!

General Stats

  • This quiz has been taken 206 times
  • The average score is 4 of 5

Answer Stats

Country % Correct
South Korea
91%
North Korea
89%
South Africa
68%
South Sudan
67%
East Timor
54%

Score Distribution

Percentile by Number Answered

Percent of People with Each Score

Your Score History

You have not taken this quiz